00000000cas 2200000zi 4500
0019.955990
003CaOODSP
00520251219152026
006m     o  d f      
007cr cn ||||||||
008251006c20259999oncar p o    f0###b0fre|d
022 |a2819-6937
040 |aCaOODSP|bfre|erda|cCaOODSP
043 |an-cn---
0861 |aEn104-34F-PDF
1101 |aCanada. |bAgence d'évaluation d'impact du Canada, |eauteur, |eorganisme de publication.
222 0|aRapport annuel ... au titre de la Loi sur la lutte contre le travail forcé et le travail des enfants dans les chaînes d'approvisionnement |b(Canada. Agence d'évaluation d'impact du Canada)
24510|aRapport annuel ... au titre de la Loi sur la lutte contre le travail forcé et le travail des enfants dans les chaînes d'approvisionnement.
264 1|aOttawa, ON : |bImpact Assessment Agency of Canada = Agence d'évaluation d'impact du Canada, |c[2025]-
310 |aAnnuel
336 |atexte|btxt|2rdacontent/fre
337 |ainformatique|bc|2rdamedia/fre
338 |aressource en ligne|bcr|2rdacarrier/fre
3621 |aParaît depuis : 2024/2025.
500 |aPublié aussi en anglais sous le titre : ... annual report under the Fighting Against Forced Labour and Child Labour in Supply Chains Act.
588 |aDescription d'après : 2024/2025; titre de départ du fichier PDF.
588 |aDernière livraison consultée : 2024/2025.
61016|aCanada. |bAgence d'évaluation d'impact du Canada |vPériodiques.
61016|aCanada. |tLoi sur la lutte contre le travail forcé et le travail des enfants dans les chaînes d'approvisionnement |vPériodiques.
650 6|aTravail forcé|zCanada|xPrévention|vPériodiques.
650 6|aEnfants|xTravail|zCanada|xPrévention|vPériodiques.
655 7|aPériodiques|2rvmgf
77508|t... annual report under the Fighting Against Forced Labour and Child Labour in Supply Chains Act.|w(CaOODSP)9.955991